000 00838nam a22002177a 4500
999 _c12783
_d12783
003 AR-CdUCM
008 190410b ||||| |||| 00| 0 spa d
040 _aMUNICIPALIDAD PROVINCIAL DEL CUSCO
_cBIBLIOTECA MUNICIPAL DEL CUSCO
082 _a985.141 /
_bC22
100 _aCompañón, Martínez
_930844
245 _aTrujillo del Perú en el siglo XVIII /
260 _aMadrid :
_bCultura hispanica,
_c1978.
300 _a33 páginas ;
_c23.5 cm.
505 _aContenido: Carta de Raul Porras Barrenechea a Aurelio Miro Quesada a propósito de la obra del obispo Martinez Compañon sobre Trujillo del Perú en el siglo XVIII.
650 _aHistoria social
_92972
650 _aFolklore
_91081
650 _aGeografía
_9318
710 _aCentro iberoamericano de cooperación
_915369
942 _2ddc
_cLIBROS
945 _aacv
_d2019-04-10